Представление документа в формате RUSMARC

ПолеНазваниеЗначение
  Тип записи a
  Библиографический уровень m
001 Контрольный номер RU/IS/BASE/293646786
005 Дата корректировки 20230208221410.7
010 Индекс ISBN __
a ISBN 978-5-9667-0446-9
d Цена 20 р. 00 к.
9 Тираж 9500 экз.
100 Данные общей обработки __
a Данные общей обработки 20090421d2009 ||| 0rusy0189 ca
101 Язык документа 0_
a Язык текста rus
102 Страна публикации __
a Страна публикации RU
105 Кодированные данные (монография) __
a Кодированные данные (монография) y###||||000|y
200 Заглавие и сведения об ответственности 1_
a Заглавие Теория литературы в общем образовании
b Общее обозначение материала Текст
e Сведения, относящиеся к заглавию метод. размышления
f Первые сведения об ответственности С. Дмитренко
210 Выходные данные __
a Место издания Москва
c Издательство Чистые пруды
d Дата издания 2008
215 Физическое описание __
a Объем 31 с.
d Формат 20,5 см.
225 Серия 1_
a Серия Библиотечка "Первого сентября". Серия "Литература"; вып. 21
606 Тематические рубрики 1_
a Основная рубрика Литература
606 Тематические рубрики 1_
a Основная рубрика Теория
610 Ключевые слова 1_
a Ключевые слова литература
a Ключевые слова теория литературы
a Ключевые слова образование
686 Индексы других классификаций __
a Классификационный индекс 74.268.3
2 Код системы rubbk
700 Автор _1
a Фамилия Дмитренко
b Имя (инициалы) Сергей Федорович
801 Источник записи _0
a Страна RU
b Организация Ульяновская ОБДЮ
c Дата составления 20090421
g Правила каталогизации RCR
801 Источник записи _1
a Страна RU
b Организация Ульяновская ОБДЮ
c Дата составления 20090421
g Правила каталогизации RCR
852 Данные о местонахождении __
a Наименование организации Ульяновская УОБДЮ
i Авторский знак Д 53
j Шифр хранения 74.26
901 Тип документа __
t Тип документа m
938 Служебная информация __
a Имя БД MarkBase